| 000 | 00735nam a22002297a 4500 | ||
|---|---|---|---|
| 003 | OSt | ||
| 005 | 20251023015827.0 | ||
| 008 | 251023b |||||||| |||| 00| 0 eng d | ||
| 020 | _a978-0-415-77183-2 | ||
| 040 |
_aDWCL-Admin lib _cOC |
||
| 082 | _aCirc. 303.64 R454 2008 | ||
| 100 | _aForan, John | ||
| 245 |
_aRevolution in the making of the modern world: social identities, globalization, and modernity / _c John Foran |
||
| 260 |
_a London: _bRoutledge, _cc 2008 |
||
| 300 |
_axvii,306 p. ; _c24cm. |
||
| 504 | _aIncludes bibliographical references and index. | ||
| 650 | _a1. Revolutions. | ||
| 650 | _a2. Social change. | ||
| 650 | _a3. Globalization. | ||
| 650 | _a4. Group identity. | ||
| 942 |
_2ddc _cBK-CIRC _kCIrc. _n0 |
||
| 999 |
_c5028 _d5028 |
||